LEADER 01028nas 2200361 c 450 001 9910896046303321 005 20260218111723.0 035 $a(DE-599)ZDB2141360-5 035 $a(OCoLC)984753683 035 $a(DE-101)025816233 035 $a(CKB)4910000000549293 035 $a(DE-599)2141360-5 035 $a(EXLCZ)994910000000549293 100 $a20040329b17941795 |y | 101 0 $afre 135 $aur||||||||||| 181 $ctxt$2rdacontent 182 $cc$2rdamedia 183 $acr$2rdacarrier 200 00$aJournal des arts et manufactures$epubl. sous la dir. de la Commission Exe?cutive d'Agriculture et des Arts 210 31$aParis$c[Verlag nicht ermittelbar]$d1794-1795 215 $aOnline-Ressource 300 $aGesehen am 03.05.12 608 $aZeitschrift$2gnd-content 676 $a380 676 $a600 801 0$b0355 801 1$bDE-101 801 2$b9999 906 $aJOURNAL 912 $a9910896046303321 996 $aJournal des Arts et Manufactures$93575482 997 $aUNINA